Catalog

Record Details

Catalog Search



Critical pursuit #1 [Large Print] / Janice ... Read More

Cantore, Janice.(Author).

Available copies

  • 1 of 1 copy available at LARL/NWRL Consortium.
  • 1 of 1 copy available at Lake Agassiz Regional Library. (Show preferred library)

Current holds

0 current holds with 1 total copy.

Show Only Available Copies
Location Call Number / Copy Notes Barcode Shelving Location Status Due Date
Bagley Public Library LARGE PRINT C CAN (Text) 33500011854031 Main Available -

Record details

  • ISBN: 9781410465641 (hardcover)
  • ISBN: 1410465640 (hardcover)
  • Physical Description: 431 pages (large print) ; 23 cm.
  • Edition: Large print edition.
  • Publisher: Waterville, Maine : Thorndike Press, 2014.

Content descriptions

General Note:
First published in 2007 as Kevlar heart.
Summary, etc.:
Officer Brinna Caruso has built a reputation in ... Read More
Subject: Kidnapping > Fiction.
Missing children > Fiction.
Missing persons > Investigation > Fiction.
Women detectives > Fiction.
Kidnapping victims > Psychology > Fiction.
Search dogs > Fiction.
Widowers > Fiction.
Large type books.
Long Beach (Calif.) > Fiction.
Genre: Christian fiction.
Mystery fiction.
LDR 02401cam a22005298i 4500
001165804
003LARL_NWRL_CONSORTIUM
00520140509162423.0
008131101t20142013meu d 000 1 eng
020 . ‡a9781410465641 (hardcover)
020 . ‡a1410465640 (hardcover)
035 . ‡a(OCoLC)862053177
042 . ‡apcc
08200. ‡a813/.6 ‡223
1001 . ‡aCantore, Janice. ‡0(LARL_NWRL_CONSORTIUM)220978
24510. ‡aCritical pursuit ‡n#1 ‡h[Large Print] / ‡cJanice Cantore.
250 . ‡aLarge print edition.
260 . ‡aWaterville, Maine : ‡bThorndike Press, ‡c2014.
260 . ‡c©2013
300 . ‡a431 pages (large print) ; ‡c23 cm.
336 . ‡atext ‡2rdacontent
337 . ‡aunmediated ‡2rdamedia
338 . ‡avolume ‡2rdacarrier
4900 . ‡aCritical pursuit ; ‡v1
500 . ‡aFirst published in 2007 as Kevlar heart.
520 . ‡aOfficer Brinna Caruso has built a reputation in the precinct as the cop to call when a child goes missing. For Brinna, it's personal: she was one of them. She and Hero, her search and rescue dog, stop at nothing to find a missing child. Detective Jack O'Reilly isn't ready to return to his homicide duties after losing his wife to a drunk driver. When he's assigned as her partner, Brinna isn't sure she can rely on Jack. But when a man surfaces with an MO similar to the criminal who abducted Brinna, they must combine efforts to catch a kidnapper.
650 0. ‡aKidnapping ‡vFiction. ‡0(LARL_NWRL_CONSORTIUM)165838
650 0. ‡aMissing children ‡vFiction. ‡0(LARL_NWRL_CONSORTIUM)166118
650 0. ‡aMissing persons ‡xInvestigation ‡vFiction. ‡0(LARL_NWRL_CONSORTIUM)173417
650 0. ‡aWomen detectives ‡vFiction. ‡0(LARL_NWRL_CONSORTIUM)167906
650 0. ‡aKidnapping victims ‡xPsychology ‡vFiction.
650 0. ‡aSearch dogs ‡vFiction.
650 0. ‡aWidowers ‡vFiction. ‡0(LARL_NWRL_CONSORTIUM)167915
650 0. ‡aLarge type books. ‡0(LARL_NWRL_CONSORTIUM)24284
651 0. ‡aLong Beach (Calif.) ‡vFiction.
655 7. ‡aChristian fiction. ‡2gsafd
655 7. ‡aMystery fiction. ‡2gsafd
901 . ‡a165804 ‡bOCLC ‡c165804 ‡tbiblio

Additional Resources